000 00671nam a2200205Ii 4500
003 JO-AjNU
008 230605s9999||||xx |||||||||||||| ||und||
040 _aJO-AjNU
_bara
_erda
_cJO-AjNU
041 _aara
050 1 4 _aPJ6106.S4 1993
100 3 _aتاليف شلبي، أحمد,
_eauthor
_939375
245 0 0 _aقواعد اللغة العربية والتطبيق عليها
250 _aط6
264 3 1 _aالقاهرة: مكتبة النهضة المصرية، 1993
300 _a288ص
336 _atext
_btxt
_2rdacontent
337 _aunmediated
_bn
_2rdamedia
338 _avolume
_bnc
_2rdacarrier
650 4 _aاللغة العربية-قواعد
_939376
999 _aA16624
_c20192
_d20192